| 000 | 01305nam a2200325 4500 | ||
|---|---|---|---|
| 001 | 20317 | ||
| 003 | CO-MdFUSB | ||
| 005 | 20190202100417.0 | ||
| 008 | 161011b xxu||||| |||| 00| 0 eng d | ||
| 020 | _a0-8006-3467-5 | ||
| 040 |
_aCO-MdFUSB _bEspañol _cCO-MdFUSB _dCO-MdFUSB _erda |
||
| 041 | _aeng | ||
| 082 |
_224 _aG 270.1 _bH818m |
||
| 100 | 1 |
_aHorsley, Richard A. _d1939- _eautor |
|
| 245 | 1 | 4 |
_aThe message and the Kingdom : _bHow Jesus and Paul ignited a revolution and transformed the ancient world _c/ Richard A. Horsley |
| 250 | _a2nd edición | ||
| 264 | 1 |
_aMinneapolis : _bFortress Press, _c℗[1997] |
|
| 264 | 4 | _c©1997 | |
| 300 | _a290 páginas | ||
| 336 |
_2rdacontent _a1 _ba1 |
||
| 337 |
_2rdamedia _a2 _b5 |
||
| 338 |
_2rdacarrier _a2 _b5 |
||
| 501 | _aRústico | ||
| 504 | _aIncluye índices (páginas 279-290) | ||
| 505 | 0 | 0 | _aBuscando a Jesús - Visiones celestiales - Rehacer la Galilea - Curandero - Poder y el orden público - Predicando la palabra - La reactivación de las naciones - Asambleas de los santos - Espíritus en conflicto - Asaltar el Reino - El triunfo de César - Mantener la fe |
| 650 | 0 |
_9153 _aHistoria de la Iglesia |
|
| 650 | 0 |
_aHistoria de la Iglesia _z(Edad Media), ca. 600-1500 _9285 |
|
| 720 |
_aNeil Asher Silberman _ecoautor |
||
| 942 | _cBK | ||
| 999 |
_c46668 _d46668 |
||